Loga klubów w 3 Lidze - Statystyki

Ogólne statystyki
  • Ten quiz został rozwiązany 172 razy
    155 od ostatniego zresetowania
  • Średni wynik to 24 z 66
Statystyki odpowiedzi
Obrazkowy Odpowiedź % Poprawnych
Elana Toruń
80%
Zawisza Bydgoszcz
79%
GKS Bełchatów
78%
Wieczysta Kraków
76%
Avia Świdnik
69%
Rekord Bielsko-Biała
66%
Siarka Tarnobrzeg
62%
Pogoń Grodzisk Mazowiecki
59%
KSZO Ostrowiec Świętokrzyski
58%
Lechia Zielona Góra
57%
Świt Szczecin
57%
Garbarnia Kraków
54%
Górnik Polkowice
50%
ŁKS Łomża
48%
Flota Świnoujście
46%
Pelikan Łowicz
45%
Polonia Środa Wielkopolska
44%
Lechia Tomaszów Mazowiecki
42%
Wisłoka Dębica
42%
LKS Goczałkowice-Zdrój
41%
Podhale Nowy Targ
40%
Karkonosze Jelenia Góra
39%
Ślęza Wrocław
39%
Unia Tarnów
38%
Broń Radom
37%
MKS Kluczbork
37%
Karpaty Krosno
36%
Świt Nowy Dwór Mazowiecki
36%
Olimpia Zambrów
35%
Unia Skierniewice
35%
Gedania Gdańsk
34%
Concordia Elbląg
33%
Błękitni Stargard
32%
GKS Wikielec
32%
Sokół Kleczew
32%
Warta Gorzów Wielkopolski
32%
Carina Gubin
31%
Legionovia Legionowo
31%
Star Starachowice
31%
Świdniczanka Świdnik
31%
Stilon Gorzów Wielkopolski
30%
Stolem Gniewino
30%
Cartusia Kartuzy
29%
Orlęta Radzyń Podlaski
29%
Chełmianka Chełm
28%
Victoria Sulejówek
28%
Warta Sieradz
28%
Gwarek Tarnowskie Góry
27%
Mławianka Mława
27%
Czarni Połaniec
26%
KS Wiązownica
24%
Unia Swarzędz
23%
Vineta Wolin
23%
Unia Solec Kujawski
22%
Unia Turza Śląska
22%
Wikęd Luzino
22%
Pniówek Pawłowice
21%
Wiślanie Jaśkowice
21%
KP Starogard Gdański
20%
Pogoń Nowe Skalmierzyce
20%
Pilica Białobrzegi
19%
Podlasie Biała Podlaska
19%
Sokół Sieniawa
19%
Noteć Czarnków
18%
Odra Bytom Odrzański
17%
LZS Starowice Dolne
12%
Nie znaleziono quizów pasujących do podanych kryteriów
Rozkład punktacji
Procent ludzi z każdym wynikiem
Percentyl według liczby udzielonych odpowiedzi
Twoja historia wyników
Nie rozwiązałeś tego quizu od ostatniego zresetowania